000 00706cam a22002171a 4500
001 sa 65007233
003 DLC
005 20260227112148.0
008 750822s1964 ii d 000 0 eng
010 _asa 65007233
035 _a(OCoLC)1563502
040 _aDLC
_cFU-L
_dMoSU-L
_dDLC
042 _apremarc
050 0 0 _aLAW <Dictionaries Prem>
100 1 _aPrem, Daulat Ram.
245 1 0 _aPrem's Judicial dictionary :
_b(words and phrases judicially defined in India, England, U.S.A., and Australia) /
_cby Dualat Ram Prem.
260 _aNew Delhi, India :
_bArora Law House
_c[1964]
300 _a4 v. (1712 p.) ;
_c25 cm.
650 0 _aLaw
_xDictionaries
_xEnglish.
740 0 _aJudicial dictionary.
999 _c65132
_d65132